| 000 | 01606nac a2200313 a 4500 | ||
|---|---|---|---|
| 003 | CO-PeBPM | ||
| 005 | 20250714094251.0 | ||
| 007 | ta | ||
| 008 | 250714s2009 ck a|||| |||| 00| 0 spa d | ||
| 020 | _aISBN: 9788483691533 (Obra completa) | ||
| 040 |
_aCO-PeBPM _bspa _cCo-PeBPM _erda |
||
| 041 | _aspa | ||
| 082 | 0 | 4 |
_a158.2 P964p _222 |
| 245 | 1 | 0 | _aPrograma integral para la superación personal y el desarrollo personalMadrid. Espa |
| 260 |
_aMadrid, España _b: Grupo Cultural _c, 2009 |
||
| 300 |
_a4 volúmenes _bilustraciones, fotografías a color _c27 centímetros |
||
| 500 | _aIncluyen índice al final de cada tomo | ||
| 505 | _av.1. Padres preparados, hijos triunfadores. - v.2. Autoestima y relaciones interpersonales. - v.3. Desarrollo personal y calidad de vida. - v.4. El éxito profesional. | ||
| 520 | _aUna obra que ayuda a potenciar la autoestima, imprescindible para mejorar las relaciones interpersonales. Siguiendo una serie de consejos se puede conseguir una mejor calidad de vida, desarrollándose personal y profesionalmente, procurando conseguir el éxito de la manera más rápida posible. Además enseña a preparar el futuro de los niño, asentando unas bases que le servirán, sin duda, para su desarrollo. | ||
| 650 | 1 | 4 |
_a Autoestima _2LEMB |
| 650 | 1 | 4 |
_a Comunicación interpersonal _2LEMB |
| 650 | 1 | 4 |
_aÉxito laboral _2LEMB |
| 650 | 1 | 4 |
_aPadres e hijos _2LEMB |
| 650 | 1 | 4 |
_aPsicología aplicada _2LEMB |
| 650 | 1 | 4 |
_a Psicología industrial _2LEMB |
| 650 | 1 | 4 |
_a Relaciones interpersonales _2LEMB |
| 650 | 1 | 4 |
_aCrecimiento personal _2LEMB |
| 942 |
_2ddc _cBK _n0 |
||
| 999 |
_c61021 _d61021 |
||